[Event "183 Stay Safe Play From Home series"]
[Site "T#646406Emanuel Laske"]
[Date "2020.05.28"]
[Round "8"]
[White "Patzeroglu"]
[Black "Kongle"]
[Result "1-0"]
[WhiteElo "1964"]
[BlackElo "1790"]
[Annotator "TA"]
[PlyCount "133"]
[EventDate "2020.05.28"]
[EventType "swiss (blitz)"]

{[%evp 9,133,-283,-248,-282,-232,-278,-239,-284,-250,-279,-278,-281,-228,-291,-209,-319,-252,-310,-196,-258,-187,-251,-219,-355,-370,-383,-295,-260,-228,-239,-16,-50,-43,-192,33,25,45,50,71,23,52,0,89,85,95,42,100,114,256,255,280,248,256,249,484,457,531,526,791,791,941,936,1021,712,716,702,665,702,1057,1000,989,945,1012,737,1002,1002,994,981,1175,891,5135,2768,29988,29987,29990,29991,29991,29990,29993,29991,29991,29992,29992,29989,29989,29990,29990,29991,29991,29992,29992,29993,29993,29994,29994,29994,29994,29993,29993,29994,29994,29995,29995,29995,29997,29996,29996,29996,29996,29995,29995,29995,29995,29996,29996,29996]} 1. f3 d5 2. c3 e5 3. Kf2 {[#]} f5 $146 ({Predecessor:} 3... Nf6 4. d4 Nc6 5. g3 Bf5 6. Bh3 Qd7 7. Nd2 Bxh3 8. Nxh3 Qxh3 {0-1 (8) Angelov,R (2260)-Kalchev,B Sofia 1995}) 4. Ke3 Nf6 5. Kd3 Nc6 6. Kc2 {A00: Irregular Openings.} d4 7. d3 Be6 8. e4 {Black is clearly better.} fxe4 9. fxe4 a5 10. Nf3 Be7 11. h3 O-O 12. Be2 (12. Ng5 $142 Bd7 13. Nd2) 12... Qd7 13. Bg5 Kh8 14. Nbd2 (14. a4 $142) 14... b5 15. Bxf6 (15. cxd4 $142 exd4 16. a4) 15... Bxf6 16. a3 (16. cxd4 $142 Nxd4+ 17. Nxd4 Qxd4 18. Nf3) 16... dxc3 $19 17. bxc3 a4 18. g4 Rfd8 19. Qg1 h6 $2 (19... Qd6 $19 {Hoping for ...Be7.} 20. h4 Be7) 20. g5 $1 $11 {[%cal Rg5f6]} hxg5 21. Nxg5 {[#]} (21. h4 $15 g4 22. Ng5) 21... Bg8 $2 (21... Bc4 $1 $19 {[%cal Rc4d3][%mdl 512]} 22. Kb2 (22. Nxc4 bxc4) 22... Bxd3) 22. Qg4 $14 {White wants to mate with Qh5+.} Bxg5 23. Qxg5 Rf8 24. Bg4 Qd6 25. Qh4+ (25. Bf5 $14) 25... Qh6 (25... Bh7 $1 $11) 26. Qxh6+ $16 gxh6 27. Rhf1 (27. Raf1 $16) 27... Rxf1 {Black is now going downhill.} ({Better is} 27... Na5 $1 $14) 28. Rxf1 b4 (28... Kg7 $16 {was necessary.}) 29. axb4 $18 ({But not} 29. cxb4 $6 Nd4+ 30. Kb2 c5 $18) 29... a3 30. Nc4 a2 31. Ra1 Bxc4 $2 (31... Kg7 {might work better.} 32. Bd7 Nd8 33. Nxe5 Kf6) 32. dxc4 {[%mdl 4096] Endgame KRB-KRN} Ne7 33. Kb3 Ng6 34. Rxa2 Rd8 35. Ra7 c5 36. Ra5 cxb4 37. cxb4 Rd3+ 38. Ka4 Re3 39. Bf5 Nf4 40. Rxe5 h5 41. Re8+ Kg7 42. b5 Kf7 43. Rh8 Kf6 44. b6 Kg5 45. b7 Nd3 46. Rg8+ {White mates.} Kf4 47. b8=Q+ Kf3 48. Rg3+ Ke2 49. Rxe3+ Kxe3 50. Qg3+ Kd4 {[#]} 51. Qxd3+ $3 {[%mdl 64] Promotion} Kxd3 {KB-KP} 52. e5+ Kd4 53. e6 Ke5 54. e7 Kxf5 55. e8=Q Kg5 56. Qe4 h4 57. Qg4+ Kf6 58. Qxh4+ Ke5 59. Qg4 Kd6 60. Kb5 Ke7 61. c5 Kd8 62. c6 {[%csl Gc6][%cal Rg4d7]} Ke7 63. Kb6 Kf6 64. Qa4 Ke5 65. Kb7 Kd5 66. c7 Ke5 67. Qd7 {Accuracy: White = 49%, Black = 36%.} 1-0

[Event "183 Stay Safe Play From Home series"]
[Site "T#646406Emanuel Laske"]
[Date "2020.05.28"]
[Round "8"]
[White "Dukic"]
[Black "Greblah"]
[Result "0-1"]
[WhiteElo "1821"]
[BlackElo "1902"]
[Annotator "TA"]
[PlyCount "102"]
[EventDate "2020.05.28"]
[EventType "swiss (blitz)"]

{[%evp 21,102,26,28,12,88,83,95,61,198,195,206,210,235,213,196,164,174,177,198,195,278,274,268,226,223,212,218,216,214,170,169,183,179,170,181,169,169,167,160,149,165,0,0,0,0,0,197,196,195,197,225,224,230,40,39,41,41,67,544,512,483,471,443,426,668,658,501,321,833,825,783,764,766,675,2768,2313,3227,2213,2106,2015,2189,2097,1477]} 1. c4 c6 2. Nc3 d5 3. cxd5 cxd5 4. d4 Nc6 5. Nf3 Nf6 6. Bf4 e6 7. e3 Be7 8. Bd3 O-O 9. O-O a6 10. h3 b5 11. Rc1 Bb7 12. Qe2 {[#] D13: Slav Defence: Exchange variation without ...Bf5.} b4 $146 (12... Rc8 $11 {remains equal.}) ({Predecessor:} 12... Qb6 13. Bg5 h6 14. Bh4 Rfe8 15. Rfd1 Rac8 16. Bb1 Qd8 17. a3 Na5 18. Ne5 Nc4 19. f4 Nd7 20. Bxe7 Rxe7 {½-½ (47) Moreno Ruiz,J (2438)-Narciso Dublan,M (2482) Linares 2016}) 13. Na4 $16 a5 14. Nc5 {White is better.} Bc8 ({Better is} 14... Bxc5 $14 15. Rxc5 (15. dxc5 Qc8 $14) 15... Ne4) 15. Nxe6 $18 Bxe6 16. Rxc6 Qd7 17. Rfc1 Rfc8 18. Rc7 Rxc7 19. Rxc7 Qd8 20. Qc2 {Ng5 is the strong threat.} Bd6 (20... g6 $142 21. Bg5 Rc8 22. Rxc8 Qxc8) 21. Bxd6 Qxd6 22. Ne5 g6 23. Qc6 Qxc6 24. Rxc6 ({But not} 24. Nxc6 $6 Ne8) 24... Kf8 25. Ra6 Rxa6 26. Bxa6 {[%mdl 4096] Endgame KBN-KBN} Bd7 27. f3 Be8 28. g4 Ke7 29. Kf2 Kd6 30. Ke2 Kc7 31. Kd3 $2 (31. h4 $18) 31... Kb6 $1 $11 {[%cal Rb6a6]} 32. Bc8 Kc7 $1 {[%cal Rc7c8]} 33. g5 Kxc8 $2 (33... Ng8 $1 $11 {and Black has nothing to worry.} 34. Ba6 Kb6) 34. gxf6 {KB-KN} Kc7 {[#]} 35. e4 $1 Kd6 {[#]} 36. Ng4 $1 h5 {Threatens to win with ...dxe4+.} 37. Ne3 $2 (37. e5+ $18 Ke6 38. Nh6) 37... Bb5+ $14 38. Kd2 {Strongly threatening e5+.} dxe4 39. fxe4 Bd7 $2 {[%mdl 8192]} ({Black should play} 39... Ke6 $14) 40. h4 Ke6 41. e5 Bb5 42. a3 bxa3 (42... Bc6 $142 43. Ke2 Bb7 44. axb4 axb4) 43. bxa3 $18 Ba6 44. Kc3 Bb5 $2 (44... Be2 45. Kd2 Bf3) 45. Kb3 {White is clearly winning.} Bc6 46. Kc4 Ba8 47. Kc5 g5 48. hxg5 h4 49. Ng4 Kf5 50. Nh6+ Kg6 51. d5 h3 {[%mdl 32768] Accuracy: White = 72%, Black = 52%. . Loss on time!?} 0-1

[Event "183 Stay Safe Play From Home series"]
[Site "T#646406Emanuel Laske"]
[Date "2020.05.28"]
[Round "9"]
[White "little champs"]
[Black "Don59as"]
[Result "1-0"]
[WhiteElo "2270"]
[BlackElo "2053"]
[Annotator "NA RC"]
[PlyCount "67"]
[EventDate "2020.05.28"]
[EventType "swiss (blitz)"]

1. d4 {[%emt 0:00:01]} d5 {[%emt 0:00:01]} 2. Nf3 {[%emt 0:00:04]} e6 {[%emt 0:00:01]} 3. Bf4 {[%emt 0:00:01]} Nf6 {[%emt 0:00:01]} 4. g3 {[%emt 0:00:01]} Be7 {[%emt 0:00:00]} 5. Bg2 {[%emt 0:00:01]} O-O {[%emt 0:00:00]} 6. O-O {[%emt 0:00:01]} Nbd7 {[%emt 0:00:00]} 7. c4 {[%emt 0:00:01]} c5 {[%emt 0:00:00]} 8. dxc5 {[%emt 0:00:01]} Nxc5 {[%emt 0:00:01]} 9. Nc3 {[%emt 0:00:01]} b6 {[%emt 0:00:01]} 10. Ne5 {[%emt 0:00:02]} Bb7 {[%emt 0:00:01]} 11. b4 {[%emt 0:00:01]} Nce4 {[%emt 0:00:02]} 12. Nxe4 {[%emt 0:00:01]} Nxe4 {[%emt 0:00:00]} 13. a3 {[%emt 0:00:01]} f6 {[%emt 0:00:03]} 14. Nf3 {[%emt 0:00:06]} dxc4 {[%emt 0:00:04]} 15. Qc2 {[%emt 0:00:01]} e5 {[%emt 0:00:06]} 16. Be3 {[%emt 0:00:01]} Rc8 {[%emt 0:00:07]} 17. Nxe5 {[%emt 0:00:02]} fxe5 {[%emt 0:00:16]} 18. Bxe4 {[%emt 0:00:02]} Bxe4 {[%emt 0:00:01]} 19. Qxe4 {[%emt 0:00:03]} Bf6 {[%emt 0:00:01]} 20. Rad1 {[%emt 0:00:03]} Qc7 {[%emt 0:00:01]} 21. Qf5 {[%emt 0:00:10]} Rfd8 {[%emt 0:00:05]} 22. Qe6+ {[%emt 0:00:03]} Kh8 {[%emt 0:00:02]} 23. g4 {[%emt 0:00:13]} h6 {[%emt 0:00:04]} 24. Bxh6 {[%emt 0:00:08]} c3 {[%emt 0:00:08]} 25. Bc1 {[%emt 0:00:22]} c2 {[%emt 0:00:03]} 26. Rd3 {[%emt 0:00:05]} Rxd3 {[%emt 0:00:06]} 27. exd3 {[%emt 0:00:01]} Rd8 {[%emt 0:00:09]} 28. g5 {[%emt 0:00:03]} Be7 {[%emt 0:00:07]} 29. g6 {[%emt 0:00:02]} Qd7 {[%emt 0:00:15]} 30. Qxe5 {[%emt 0:00:08]} Qg4+ {[%emt 0:00:09]} 31. Qg3 {[%emt 0:00:05]} Qf5 {[%emt 0:00:05]} 32. Re1 {[%emt 0:00:11]} Rxd3 {[%emt 0:00:17]} 33. Qb8+ {[%emt 0:00:05]} Rd8 {[%emt 0:00:06]} 34. Qxd8+ {[%emt 0:00:04] Don59as resigns (Lag: Av=0.71s, max=1.7s)} 1-0

[Event "183 Stay Safe Play From Home series"]
[Site "T#646406Emanuel Laske"]
[Date "2020.05.28"]
[Round "9"]
[White "Position"]
[Black "Patzeroglu"]
[Result "1-0"]
[WhiteElo "2097"]
[BlackElo "1973"]
[Annotator "TA"]
[PlyCount "71"]
[EventDate "2020.05.28"]
[EventType "swiss (blitz)"]

{[%evp 17,70,27,46,0,88,82,86,94,218,213,205,216,287,229,225,-8,89,41,120,103,113,28,47,35,170,167,167,168,167,160,164,157,157,159,160,160,194,103,110,72,150,110,139,84,865,1637,1635,841,1613,1587,1385,1696,29998,29999,29999]} 1. e4 c5 2. Nf3 Nf6 3. e5 Nd5 4. c3 Nc6 5. d4 cxd4 6. cxd4 e6 7. a3 d6 8. Bd3 Be7 9. O-O O-O 10. Nc3 {[#] B22: Sicilian: 2 c3.} Qe8 $146 (10... Nxc3 $11 {remains equal.} 11. bxc3 dxe5) ({Predecessor:} 10... Nxc3 11. bxc3 f5 12. exf6 Bxf6 13. Bb2 e5 14. Qc2 g6 15. dxe5 Nxe5 16. Nxe5 Bxe5 {½-½ (39) Petr,M (2448)-Havlik,J (2392) Prague 2018}) 11. Re1 {Threatens to win with Nxd5.} Nxc3 12. bxc3 {White is better.} f5 (12... f6 $16) 13. exd6 $1 $18 Bxd6 {[#]} 14. d5 $1 {[%cal Rd5c6][%mdl 512]} Nd8 (14... exd5 15. Rxe8) 15. Bc4 e5 {[#]} 16. Bb3 $2 (16. Nxe5 $1 $18 {[%mdl 512] Bf4 is the strong threat.} Bxe5 17. f4) 16... Nf7 (16... e4 $1 $11 17. Nd4 Bd7) 17. Nd4 Kh8 (17... Qe7 $14) 18. Ne6 $16 Rg8 19. Bb2 ({White should try} 19. Qf3 $16) 19... Qe7 20. c4 {Hoping for c5!} Bd7 (20... Bxe6 $14 21. dxe6 Ng5) 21. c5 $36 {[%mdl 2048] White is really pushing.} Bxc5 22. Nxc5 Qxc5 23. d6 $1 Rgf8 24. Bxf7 Rxf7 25. Rxe5 Qb6 26. Bd4 Qd8 27. Rc1 ({White should play} 27. Qb3 $18 Qf8 28. Qxb7) 27... Bc6 $16 28. Qd2 Rd7 (28... Qxd6 $142 29. Re8+ Rxe8 30. Bxg7+ Rxg7 31. Qxd6 Rxg2+ 32. Kf1 Rg6 33. Qd4+ Kg8 34. Qc4+ Kg7) 29. Bc5 ({Much worse is} 29. Rxf5 $6 Rxd6 30. Rd1 Qe7 $11) 29... Qf6 30. Rce1 (30. Qf4 $142) 30... Rad8 $2 {[%mdl 8192]} (30... Be4 $16 31. Qc3 b6) 31. Re8+ $18 Qf8 32. Rxf8+ Rxf8 33. Qg5 h6 34. Qg6 Rf6 35. Re8+ Rf8 36. Rxf8# {Accuracy: White = 51%, Black = 29%.} 1-0

[Event "183 Stay Safe Play From Home series"]
[Site "T#646406Emanuel Laske"]
[Date "2020.05.28"]
[Round "9"]
[White "Weltszmerc"]
[Black "Dukic"]
[Result "0-1"]
[WhiteElo "2089"]
[BlackElo "1808"]
[Annotator "TA"]
[PlyCount "94"]
[EventDate "2020.05.28"]
[EventType "swiss (blitz)"]

{[%evp 9,94,36,52,32,51,39,38,35,47,0,-6,-20,31,-31,-13,0,414,6,13,8,25,-44,-36,-30,31,-97,-104,-137,-136,-149,-152,-221,-162,-205,-200,-334,-184,-195,-192,-314,-325,-322,-321,-329,-300,-312,-302,-458,-369,-390,-290,-629,-619,-621,-607,-657,-635,-851,-869,-1333,-1266,-1320,-1308,-1123,-1043,-1922,-1885,-2518,-2361,-2373,-2331,-2249,-2045,-2252,-2543,-29976,-29977,-29976,-29977,-29984,-29985,-29985,-29986,-29988,-29989,-29992,-29993]} 1. d4 c6 2. c4 d6 3. Nf3 Bg4 4. Bf4 Nd7 5. Nc3 Ngf6 6. h3 {A41: 1 d4 d6: Tartakower System and Modern Defence.} Bh5 7. g4 Bg6 8. Bg2 {[#] White is slightly better.} Ne4 $146 ({Predecessor:} 8... Qa5 9. O-O e5 10. dxe5 dxe5 11. Bd2 Qc7 12. a3 Be7 13. b4 O-O 14. Nh4 Rad8 15. Nxg6 hxg6 {½-½ (32) Lam,T (1268)-Lopez de Anda,E (1803) Hong Kong 2017}) 9. d5 (9. O-O $14) 9... Nxc3 $11 10. bxc3 Qa5 (10... Be4 $11) 11. Qb3 ({White should try} 11. Nh4 $14) 11... Nc5 12. Qb4 Qc7 $2 {[%mdl 8192] [#]} (12... Qa6 $11) 13. dxc6 $2 (13. Qxc5 $1 $18 {[%mdl 512] And now Qe3 would win.} dxc5 14. Bxc7) 13... Qxc6 14. O-O Be4 15. a4 (15. Nd4 $11 Qd7 16. f3) 15... a5 16. Qb5 e5 (16... h5 $11) 17. Bh2 (17. Be3 $14 {stays ahead.}) 17... h5 $36 {[%mdl 2048] Keeping White busy.} 18. g5 f6 19. h4 Be7 20. Rab1 (20. Bg3 $17 {might work better.}) 20... Kf7 21. Qxc6 bxc6 22. Rb6 (22. Ra1 $142) 22... Bd8 (22... Nxa4 $142 23. Rb7 Nxc3) 23. Rb2 $19 Ke6 24. Nd2 (24. Ra2 $142) 24... Bxg2 ({Much less strong is} 24... Nxa4 25. Bxe4 Nxb2 26. Bxc6 $19) 25. Kxg2 fxg5 26. hxg5 Bxg5 27. Nf3 Bf6 ({And not} 27... Nxa4 28. Nxg5+ Kf5 29. Ra2 $14) 28. Rb6 (28. Ra2 $142) 28... Kd7 29. Rfb1 Ra7 30. Rb8 $2 (30. Ra1) 30... Rxb8 31. Rxb8 Nxa4 32. Nd2 Nxc3 33. e4 a4 {[%cal Ba5a4,Ba4a3,Ba3a2][%mdl 32]} 34. Nb1 Nxb1 35. Rxb1 {[%mdl 4096] Endgame KRB-KRB} a3 36. Ra1 a2 37. Kf3 {[#]} d5 $1 38. Ke3 (38. cxd5 cxd5) 38... dxc4 39. Kd2 Ra3 40. Kc2 Kd6 41. Kb2 Ra4 42. Rxa2 Rxa2+ {Black mates.} 43. Kxa2 {KB-KB} Kc5 44. f3 Kd4 45. Bg1+ Kd3 46. Kb1 c3 47. Kc1 Bg5+ {Black used his chance. Accuracy: White = 22%, Black = 73%.} 0-1

[Event "183 Stay Safe Play From Home series"]
[Site "T#646406Emanuel Laske"]
[Date "2020.05.28"]
[Round "9"]
[White "Szoern"]
[Black "Tobo Rubirosa"]
[Result "1-0"]
[WhiteElo "2046"]
[BlackElo "1678"]
[Annotator "TA"]
[PlyCount "49"]
[EventDate "2020.05.28"]
[EventType "swiss (blitz)"]

{[%evp 10,49,-72,-75,-70,-77,-69,-81,-85,-103,-16,-12,-21,-52,-46,-52,-37,-37,-39,-49,10,6,62,50,61,52,52,13,29,17,17,27,91,13,18,-30,670,664,29988,29989,29998,29999]} 1. d4 Nf6 2. Nc3 d5 3. Bg5 g6 4. Bxf6 exf6 5. e4 dxe4 6. Nxe4 Bg7 {D01: Veresov Opening.} 7. Nf3 f5 8. Nc3 O-O {Black is better.} 9. Be2 {[#]} f4 $146 (9... Nc6 $17 {Threatening ...Be6.} 10. d5 Nb4) ({Predecessor:} 9... Nd7 10. Qd2 Nb6 11. O-O-O c6 12. h4 h5 13. Kb1 Nd5 14. Ne5 Re8 15. Nxd5 cxd5 {½-½ (41) Berelowitsch,D (1753)-Wagner,V (1808) Willingen 2019}) 10. O-O Bg4 11. d5 Nd7 12. h3 Bxf3 13. Bxf3 Ne5 14. Ne4 Nxf3+ (14... Re8 $15) 15. Qxf3 $11 Bxb2 (15... Qe7 $11) 16. Rab1 $14 Be5 17. Rxb7 Rb8 18. Rfb1 Rxb7 19. Rxb7 Kg7 20. c4 $36 {[%mdl 2048] Black is under pressure.} ({Much worse is} 20. Rxa7 Qb8 $17) 20... a5 (20... Qc8 $11 21. Rb1 (21. Rxa7 Qb8 $11) 21... Re8) 21. Qb3 ({Better is} 21. Nc5 $16) 21... Qe7 22. c5 {Threatens to win with d6!} Rd8 $2 {[%mdl 8192] [#]} (22... Bd4 $11 23. Qd3 Qe5) 23. d6 $1 $18 {[%mdl 512]} cxd6 24. Rxe7 dxc5 25. Qxf7+ {Accuracy: White = 63%, Black = 49%.} 1-0

[Event "183 Stay Safe Play From Home series"]
[Site "T#646406Emanuel Laske"]
[Date "2020.05.28"]
[Round "9"]
[White "Lazieri3"]
[Black "Kongle"]
[Result "1-0"]
[WhiteElo "2035"]
[BlackElo "1781"]
[Annotator "TA"]
[PlyCount "79"]
[EventDate "2020.05.28"]
[EventType "swiss (blitz)"]

{[%evp 9,78,-12,-8,-19,-16,-18,-2,-23,0,0,56,57,66,60,65,-11,-14,-30,80,78,72,77,86,83,84,73,73,74,81,40,158,145,528,527,659,653,645,637,596,597,789,777,773,773,695,481,497,468,959,951,29988,29976,29972,29974,29983,29984,29984,29985,29985,29986,29988,29989,29991,29992,29993,29992,29992,29993,29995,29996,29999]} 1. e4 c5 2. Nc3 d6 3. d3 Nf6 4. Nf3 g6 5. Be3 Nc6 6. Qd2 {B50: Sicilian: 2...d6, Miscellaneous.} Bg7 7. Bh6 O-O 8. h4 {[#] The position is equal.} Nd4 $146 {[#] And now ...Bxh6 would win.} ({Predecessor:} 8... Bg4 9. Be2 a6 10. Nd5 Nxd5 11. exd5 Na7 12. h5 e6 13. hxg6 Qf6 14. Bxg7 Qxg7 15. Rxh7 Qxg6 16. Rh6 Qg7 17. O-O-O Bf5 18. dxe6 fxe6 19. Rdh1 {1-0 (19) Pulido,D (2011)-Velasco,L (1664) Ibague 2017}) 9. O-O-O Nxf3 (9... Bg4 $11) 10. gxf3 $14 Nh5 11. Bxg7 Kxg7 12. Ne2 (12. d4 $14) 12... e5 $11 13. f4 exf4 (13... Bg4 $11) 14. Nxf4 $16 Nxf4 15. Qxf4 Qe7 16. h5 g5 17. h6+ Kh8 18. Qe3 Be6 19. Bh3 Bxa2 {[#]} (19... g4 $14 20. Bg2 Rae8) 20. b3 $1 c4 $2 {[%mdl 8192] Loses the game.} (20... a5 $16) 21. Qd4+ Qe5 22. Qxe5+ dxe5 23. dxc4 a5 24. Kb2 a4 25. Kxa2 axb3+ 26. Kxb3 Ra6 27. Rd7 Rb6+ 28. Kc3 Ra8 (28... Rxh6 $142 29. f3 b6) 29. Bf5 $18 Ra3+ 30. Kd2 {[%cal Rd7d8] White mates.} Ra8 31. Rxf7 Rd6+ 32. Ke2 Kg8 33. Rg7+ Kf8 34. Rxh7 Ra2 35. Rc7 Rxc2+ 36. Kf3 Rd3+ 37. Kg2 Rdd2 38. Rf1 g4 39. h7 {[%cal Rh7h8]} g3 40. h8=Q# {Accuracy: White = 76%, Black = 42%.} 1-0

[Event "183 Stay Safe Play From Home series"]
[Site "T#646406Emanuel Laske"]
[Date "2020.05.28"]
[Round "9"]
[White "Haris kollari 13"]
[Black "Indianquant"]
[Result "0-1"]
[WhiteElo "1921"]
[BlackElo "2269"]
[Annotator "NA RC"]
[PlyCount "68"]
[EventDate "2020.05.28"]
[EventType "swiss (blitz)"]

1. e4 {[%emt 0:00:01]} c5 {[%emt 0:00:01]} 2. Nf3 {[%emt 0:00:01]} d6 {[%emt 0:00:01]} 3. d4 {[%emt 0:00:01]} cxd4 {[%emt 0:00:00]} 4. Nxd4 {[%emt 0:00:00]} Nf6 {[%emt 0:00:01]} 5. Nc3 {[%emt 0:00:01]} a6 {[%emt 0:00:01]} 6. f4 {[%emt 0:00:01]} e5 {[%emt 0:00:01]} 7. Nf3 {[%emt 0:00:01]} Nbd7 {[%emt 0:00:07]} 8. fxe5 {[%emt 0:00:01]} dxe5 {[%emt 0:00:02]} 9. Bg5 {[%emt 0:00:01]} Qc7 {[%emt 0:00:04]} 10. Bd3 {[%emt 0:00:05]} h6 {[%emt 0:00:01]} 11. Bh4 {[%emt 0:00:02]} Bc5 {[%emt 0:00:01]} 12. Qe2 {[%emt 0:00:01]} b5 {[%emt 0:00:07]} 13. O-O-O {[%emt 0:00:02]} Bb7 {[%emt 0:00:01]} 14. Kb1 {[%emt 0:00:07]} O-O {[%emt 0:00:02]} 15. h3 {[%emt 0:00:16]} b4 {[%emt 0:00:06]} 16. Nd5 {[%emt 0:00:01]} Bxd5 {[%emt 0:00:03]} 17. exd5 {[%emt 0:00:01]} e4 {[%emt 0:00:01]} 18. Bxe4 {[%emt 0:00:02]} Rae8 {[%emt 0:00:00]} 19. Nd2 {[%emt 0:00:14]} Nxe4 {[%emt 0:00:19]} 20. Nxe4 {[%emt 0:00:01]} Qf4 {[%emt 0:00:01]} 21. Qxa6 {[%emt 0:00:37]} Rxe4 {[%emt 0:00:18]} 22. Be1 {[%emt 0:00:04]} Rfe8 {[%emt 0:00:08]} 23. Qc6 {[%emt 0:00:08]} Qd6 {[%emt 0:00:04]} 24. Qb5 {[%emt 0:00:06]} Nb6 {[%emt 0:00:12]} 25. Bf2 {[%emt 0:00:12]} Bxf2 {[%emt 0:00:03]} 26. Rhf1 {[%emt 0:00:07]} Bc5 {[%emt 0:00:12]} 27. b3 {[%emt 0:00:09]} R8e7 {[%emt 0:00:05]} 28. Qd3 {[%emt 0:00:15]} g6 {[%emt 0:00:05]} 29. g4 {[%emt 0:00:02]} Nd7 {[%emt 0:00:05]} 30. g5 {[%emt 0:00:12]} h5 {[%emt 0:00:02]} 31. h4 {[%emt 0:00:01]} Re3 {[%emt 0:00:01]} 32. Qc4 {[%emt 0:00:02]} Ne5 {[%emt 0:00:06]} 33. Qb5 {[%emt 0:00:01]} Nf3 {[%emt 0:00:02]} 34. Qa5 {[%emt 0:00:04]} Kg7 {[%emt 0:00:05] Time (Lag: Av=0.54s, max=1.4s)} 0-1